[Event "2 Bundesliga Mitte 2006/2007"]
[Site "St Valentin"]
[Date "2006.10.29"]
[Round "2"]
[Board "6"]
[White "Hatzl, Stefan"]
[Black "Trauner, Rudolf"]
[Result "1-0"]
[WhiteElo "2159"]
[BlackElo "2233"]
[PlyCount "47"]
[EventDate "2006.10.28"]
[EventType "team"]
[EventRounds "11"]
[EventCountry "AUT"]
[WhiteTeam "Union Styria Kleine Zeitung Graz 2"]
[BlackTeam "ASK St Valentin"]

1.e4 c6 2.d4 d6 3.Nc3 Nf6 4.f4 Bg4 5.Nf3 e6 6.Be2 d5 7.e5 Nfd7 8.O-O c5 9.dxc5
Bxc5+ 10.Kh1 Nc6 11.Ng5 Bxe2 12.Qxe2 Qe7 13.a3 h6 14.Nf3 a6 15.b4 Bb6 16.Bb2 g5
17.Nxd5 exd5 18.e6 Nf6 19.fxg5 hxg5 20.exf7+ Kf8 21.Qxe7+ Kxe7 22.Nxg5 Ne4
23.Bxh8 Rxh8 24.Rae1

[Event "2 Bundesliga Mitte 2006/2007"]
[Site "St Valentin"]
[Date "2006.10.29"]
[Round "2"]
[Board "1"]
[White "Farago, Ivan"]
[Black "Sakelsek, Tadej"]
[Result "1-0"]
[WhiteElo "2513"]
[BlackElo "2432"]
[PlyCount "83"]
[EventDate "2006.10.28"]
[EventType "team"]
[EventRounds "11"]
[EventCountry "AUT"]
[WhiteTeam "SC Ansfelden"]
[BlackTeam "Austria Graz"]

1.d4 Nf6 2.c4 e6 3.Nf3 b6 4.a3 Ba6 5.Qc2 Bb7 6.Nc3 c5 7.e4 cxd4 8.Nxd4 Bc5 9.Nb3
Nc6 10.Bf4 e5 11.Bg5 h6 12.Bh4 O-O 13.Rd1 Nd4 14.Nxd4 exd4 15.Nd5 g5 16.Bg3 Nxe4
17.Bd3 Bxd5 18.cxd5 Nxg3 19.hxg3 Re8+ 20.Kf1 Qf6 21.g4 Re7 22.Rh3 Re3 23.Bf5
Rxh3 24.gxh3 Re8 25.Re1 Rxe1+ 26.Kxe1 d3 27.Bxd3 Qf3 28.Qe2 Qh1+ 29.Kd2 Qxd5
30.f3 Bd6 31.Qe4 Bf4+ 32.Kc2 Qc5+ 33.Kb3 Be5 34.Bc4 b5 35.Qg6+ Bg7 36.Qxf7+ Kh7
37.Qg8+ Kg6 38.Qe8+ Kf6 39.Qf7+ Ke5 40.Qxg7+ Kf4 41.Qf7+ Kg3 42.Bd5

[Event "2 Bundesliga Mitte 2006/2007"]
[Site "St Valentin"]
[Date "2006.10.29"]
[Round "2"]
[Board "2"]
[White "Fahrner, Kurt"]
[Black "Knoll, Hermann"]
[Result "0-1"]
[WhiteElo "2346"]
[BlackElo "2373"]
[PlyCount "128"]
[EventDate "2006.10.28"]
[EventType "team"]
[EventRounds "11"]
[EventCountry "AUT"]
[WhiteTeam "Austria Graz"]
[BlackTeam "SC Ansfelden"]

1.d4 d5 2.c4 c6 3.Nf3 Nf6 4.Qc2 e6 5.e3 Nbd7 6.Nc3 Bd6 7.g4 dxc4 8.Bxc4 Nd5
9.Ne4 Be7 10.g5 b5 11.Be2 Bb7 12.Bd2 Rc8 13.Rg1 c5 14.dxc5 Nxc5 15.Bxb5+ Kf8
16.Nxc5 Rxc5 17.Qb3 a5 18.Be2 Nb6 19.Rg4 Bd5 20.Qd1 Qc7 21.h4 e5 22.Bc3 f6 23.e4
Be6 24.Rg3 Qc6 25.gxf6 gxf6 26.Qd2 Qxe4 27.Qh6+ Ke8 28.Rg7 Rg8 29.Qh5+ Kf8
30.Rxh7 Bc4 31.Qh6+ Ke8 32.Qh5+ Kd8 33.O-O-O+ Rd5 34.Rxd5+ Qxd5 35.Bxc4 Qxc4
36.Rh8 Rxh8 37.Qxh8+ Kd7 38.Qh6 Nd5 39.Qd2 Ke6 40.a3 Bxa3 41.Kd1 Bc5 42.h5 a4
43.Bxe5 Qf1+ 44.Kc2 Nb4+ 45.Kc3 Na2+ 46.Kc2 fxe5 47.Qh6+ Kd5 48.Qd2+ Ke4 49.Ng5+
Kf5 50.Qd7+ Kxg5 51.Qg7+ Kf4 52.Qf6+ Kg4 53.Qg6+ Kf3 54.Qg3+ Ke4 55.Qg4+ Kd5
56.Qg8+ Kc6 57.Qc8+ Kb6 58.Qd8+ Kb5 59.Qe8+ Kb4 60.Qb8+ Qb5 61.Qxe5 Qc4+ 62.Kb1
Kb3 63.Qg3+ Nc3+ 64.bxc3 Qf1#

[Event "2 Bundesliga Mitte 2006/2007"]
[Site "St Valentin"]
[Date "2006.10.29"]
[Round "2"]
[Board "4"]
[White "Aschenbrenner, Robert"]
[Black "Casagrande, Harald"]
[Result "1/2-1/2"]
[WhiteElo "2280"]
[BlackElo "2342"]
[PlyCount "119"]
[EventDate "2006.10.28"]
[EventType "team"]
[EventRounds "11"]
[EventCountry "AUT"]
[WhiteTeam "Austria Graz"]
[BlackTeam "SC Ansfelden"]

1.d4 d5 2.c4 e6 3.Nc3 Nf6 4.cxd5 Nxd5 5.e4 Nxc3 6.bxc3 c5 7.Nf3 Qa5 8.Bd2 cxd4
9.cxd4 Bb4 10.Rb1 Bxd2+ 11.Qxd2 Qxd2+ 12.Kxd2 O-O 13.Bb5 Nd7 14.Ke3 Nf6 15.Rhc1
Rd8 16.Ne5 a6 17.Be2 b5 18.f3 Bd7 19.Nxd7 Rxd7 20.Rc6 Kf8 21.Rbc1 Ke7 22.R1c3
Ne8 23.R3c5 Rb7 24.f4 Raa7 25.e5 Nc7 26.Bf3 b4 27.d5 exd5 28.f5 f6 29.exf6+ gxf6
30.Bxd5 a5 31.Bb3 a4 32.Bxa4 Rxa4 33.Rxc7+ Rxc7 34.Rxc7+ Kd6 35.Rc4 Kd5 36.Rd4+
Ke5 37.g4 Ra3+ 38.Rd3 Rxa2 39.Rd7 Rxh2 40.Re7+ Kd5 41.Re6 Rh6 42.Rb6 Kc5 43.Rb7
Rh4 44.Kf3 h5 45.gxh5 Rxh5 46.Kg4 Rh6 47.Rb8 Rh1 48.Rc8+ Kd6 49.Rb8 Rb1 50.Kh5
Rg1 51.Rxb4 Ke5 52.Kh4 Kxf5 53.Kh3 Kg5 54.Ra4 f5 55.Kh2 Rb1 56.Ra3 Kg4 57.Kg2 f4
58.Rc3 Rb2+ 59.Kf1 f3 60.Rc8

[Event "2 Bundesliga Mitte 2006/2007"]
[Site "St Valentin"]
[Date "2006.10.29"]
[Round "2"]
[Board "5"]
[White "Mittermayr, Gerhard"]
[Black "Kastner, Walter"]
[Result "0-1"]
[WhiteElo "2178"]
[BlackElo "2239"]
[PlyCount "70"]
[EventDate "2006.10.28"]
[EventType "team"]
[EventRounds "11"]
[EventCountry "AUT"]
[WhiteTeam "SC Ansfelden"]
[BlackTeam "Austria Graz"]

1.e4 e5 2.Nf3 Nc6 3.Bb5 Nf6 4.O-O Nxe4 5.Re1 Nd6 6.Bxc6 dxc6 7.Rxe5+ Be7 8.Qe2
Bg4 9.d4 Kf8 10.b3 Bf6 11.Ba3 Kg8 12.Bxd6 cxd6 13.Re4 Bf5 14.Re3 g5 15.c3 g4
16.Ne1 Bg5 17.Rg3 Qe8 18.Qd1 Bf4 19.Rxg4+ Bxg4 20.Qxg4+ Kf8 21.Nd3 Bh6 22.Na3
Qe6 23.Qh4 Re8 24.g3 Bd2 25.Nc4 Qg6 26.Nxd2 Qxd3 27.Qf6 Kg8 28.Nc4 Re6 29.Qg5+
Qg6 30.Qd8+ Kg7 31.Qd7 Rhe8 32.Nxd6 R8e7 33.Qd8 Qf6 34.Nc8 Re8 35.Qc7 Qf3

[Event "2 Bundesliga Mitte 2006/2007"]
[Site "St Valentin"]
[Date "2006.10.29"]
[Round "2"]
[Board "6"]
[White "Pfaffel, Thomas"]
[Black "Gueting, Jens"]
[Result "1/2-1/2"]
[WhiteElo "2144"]
[BlackElo "2232"]
[PlyCount "143"]
[EventDate "2006.10.28"]
[EventType "team"]
[EventRounds "11"]
[EventCountry "AUT"]
[WhiteTeam "Austria Graz"]
[BlackTeam "SC Ansfelden"]

1.e4 Nf6 2.e5 Nd5 3.c4 Nb6 4.d4 d6 5.exd6 exd6 6.Nf3 Be7 7.Nc3 O-O 8.Be2 Nc6
9.O-O Bf5 10.d5 Ne5 11.Nd4 Bd7 12.b3 c5 13.dxc6 bxc6 14.Bb2 f5 15.f4 Ng6 16.Bf3
Qc7 17.g3 Rae8 18.Re1 Bf6 19.Qd2 Re7 20.Rxe7 Nxe7 21.Re1 Nbc8 22.Kg2 Qd8 23.Ne6
Bxe6 24.Rxe6 Qd7 25.Re3 Kf7 26.Rd3 Qc7 27.Ne2 Bxb2 28.Qxb2 Kg8 29.Nd4 Rf6 30.Qe2
Kf7 31.Re3 Qd7 32.g4 Ng6 33.Bxc6 Nxf4+ 34.Kf2 Nxe2 35.Bxd7 Nxd4 36.g5 Rg6
37.Be8+ Kf8 38.Bxg6 hxg6 39.Rd3 Nc6 40.Rd5 a6 41.h4 Ke7 42.Kg3 Nb6 43.Rd2 Nd8
44.Rc2 Ne6 45.b4 Kd7 46.Rc3 Kc6 47.a4 Nd7 48.Rb3 Ne5 49.b5+ Kb6 50.a5+ Ka7
51.bxa6 Nc5 52.Rb6 Nxc4 53.Rc6 Ne5 54.Rc7+ Kxa6 55.Rxg7 Kxa5 56.h5 gxh5 57.g6
Kb6 58.Rg8 Ne6 59.g7 f4+ 60.Kg2 Nxg7 61.Rxg7 Kc5 62.Rh7 Kd4 63.Kf2 Ke4 64.Rxh5
d5 65.Rh8 d4 66.Ra8 f3 67.Re8 d3 68.Rd8 Ng4+ 69.Kg3 f2 70.Kg2 Ke3 71.Re8+ Kf4
72.Rd8

[Event "2 Bundesliga Mitte 2006/2007"]
[Site "St Valentin"]
[Date "2006.10.29"]
[Round "2"]
[Board "1"]
[White "Buhmann, Rainer"]
[Black "Zaja, Ivan"]
[Result "1-0"]
[WhiteElo "2532"]
[BlackElo "2445"]
[PlyCount "73"]
[EventDate "2006.10.28"]
[EventType "team"]
[EventRounds "11"]
[EventCountry "AUT"]
[WhiteTeam "Maria Saal"]
[BlackTeam "SG Alpine Raika Trofaiach Niklasdorf"]

1.Nf3 Nf6 2.c4 b6 3.g3 Bb7 4.Bg2 e6 5.O-O Be7 6.Nc3 O-O 7.Re1 Ne4 8.Nxe4 Bxe4
9.d3 Bb7 10.e4 c5 11.d4 cxd4 12.Nxd4 d6 13.a4 Nd7 14.a5 bxa5 15.Bd2 Qc8 16.Bxa5
Ne5 17.b3 Nc6 18.Bc3 Rd8 19.Ra2 Bf8 20.Qa1 a6 21.Rc1 Nxd4 22.Bxd4 Bc6 23.Bb6 Rd7
24.b4 Qb7 25.c5 f5 26.b5 Bxb5 27.exf5 Bc6 28.fxe6 Bxg2 29.exd7 Bh3 30.c6 Qxb6
31.Qb2 Qd8 32.Qb7 Qg5 33.Rd1 Qg4 34.Qb3+ Kh8 35.Ra4 Qg6 36.Qd3 Bf5 37.Rxa6

[Event "2 Bundesliga Mitte 2006/2007"]
[Site "St Valentin"]
[Date "2006.10.29"]
[Round "2"]
[Board "2"]
[White "Bukal, Vladimir Jun"]
[Black "Kaspret, Guido"]
[Result "1-0"]
[WhiteElo "2407"]
[BlackElo "2325"]
[PlyCount "97"]
[EventDate "2006.10.28"]
[EventType "team"]
[EventRounds "11"]
[EventCountry "AUT"]
[WhiteTeam "SG Alpine Raika Trofaiach Niklasdorf"]
[BlackTeam "Maria Saal"]

1.d4 Nf6 2.c4 e6 3.Nc3 d5 4.Nf3 c6 5.cxd5 exd5 6.Bg5 Be7 7.Qc2 O-O 8.e3 Nbd7
9.Bd3 Re8 10.O-O Nf8 11.h3 Nh5 12.Bxe7 Qxe7 13.Ne5 g6 14.Rab1 f6 15.Nf3 Be6
16.Rfe1 f5 17.b4 Rec8 18.Qb2 Nd7 19.Na4 Nhf6 20.b5 c5 21.dxc5 Nxc5 22.Nxc5 Rxc5
23.Rbc1 Nd7 24.Rxc5 Nxc5 25.Qa3 b6 26.Rd1 Bf7 27.Qb4 Rc8 28.Nd4 Rc7 29.Be2 Qe5
30.Nc6 Qe4 31.Qb2 Qe8 32.Qd4 Ne4 33.Bd3 Nc5 34.Qf4 Rd7 35.Bb1 Ne6 36.Qg3 Ng7
37.a4 Nh5 38.Qg5 Qe6 39.Rc1 Qf6 40.Qxf6 Nxf6 41.Nd4 Ne4 42.Rc8+ Kg7 43.Nc6 Nc5
44.a5 d4 45.exd4 Nb3 46.axb6 axb6 47.Ba2 Nxd4 48.Bxf7 Rxf7 49.Nxd4

[Event "2 Bundesliga Mitte 2006/2007"]
[Site "St Valentin"]
[Date "2006.10.29"]
[Round "2"]
[Board "3"]
[White "Horvath, Gabor"]
[Black "Bukal, Vladimir"]
[Result "1/2-1/2"]
[WhiteElo "2273"]
[BlackElo "2414"]
[PlyCount "82"]
[EventDate "2006.10.28"]
[EventType "team"]
[EventRounds "11"]
[EventCountry "AUT"]
[WhiteTeam "Maria Saal"]
[BlackTeam "SG Alpine Raika Trofaiach Niklasdorf"]

1.e4 e6 2.d3 d5 3.Nd2 Nf6 4.Ngf3 b6 5.c3 a5 6.Be2 Ba6 7.O-O Be7 8.Re1 O-O 9.a4
c5 10.Qc2 Nc6 11.Nf1 Qc7 12.Bg5 Rfe8 13.Rad1 Nh5 14.Bxe7 Nxe7 15.d4 Bxe2 16.Qxe2
Nf4 17.Qd2 c4 18.Ne5 Nfg6 19.Nxg6 hxg6 20.f3 Qc6 21.Qc2 b5 22.axb5 Qxb5 23.Ne3
Reb8 24.Rd2 a4 25.exd5 Nxd5 26.Nxd5 exd5 27.Rde2 a3 28.bxa3 Rxa3 29.Re7 Qb2
30.Re8+ Kh7 31.Qf2 Qxf2+ 32.Kxf2 Rb2+ 33.R1e2 Rxe2+ 34.Rxe2 Rxc3 35.Re5 Rc2+
36.Kg3 Rd2 37.Rxd5 f5 38.Rd8 g5 39.d5 c3 40.Rc8 c2 41.d6 Rxd6

[Event "2 Bundesliga Mitte 2006/2007"]
[Site "St Valentin"]
[Date "2006.10.29"]
[Round "2"]
[Board "4"]
[White "Stuhlik, Marko"]
[Black "Reschun, Sascha"]
[Result "1/2-1/2"]
[WhiteElo "2229"]
[BlackElo "2234"]
[PlyCount "26"]
[EventDate "2006.10.28"]
[EventType "team"]
[EventRounds "11"]
[EventCountry "AUT"]
[WhiteTeam "SG Alpine Raika Trofaiach Niklasdorf"]
[BlackTeam "Maria Saal"]

1.c4 c5 2.Nc3 Nc6 3.g3 g6 4.Bg2 Bg7 5.Nf3 e5 6.d3 Nge7 7.Nd2 d6 8.Nf1 h6 9.Ne3
f5 10.Ned5 Nxd5 11.Nxd5 O-O 12.Bd2 Rb8 13.Rb1 b6

[Event "2 Bundesliga Mitte 2006/2007"]
[Site "St Valentin"]
[Date "2006.10.29"]
[Round "2"]
[Board "5"]
[White "Lako, Laszlo"]
[Black "Mitter, Gerd"]
[Result "1/2-1/2"]
[WhiteElo "2179"]
[BlackElo "2194"]
[PlyCount "29"]
[EventDate "2006.10.28"]
[EventType "team"]
[EventRounds "11"]
[EventCountry "AUT"]
[WhiteTeam "Maria Saal"]
[BlackTeam "SG Alpine Raika Trofaiach Niklasdorf"]

1.d4 Nf6 2.c4 g6 3.Nc3 d5 4.Nf3 Bg7 5.Bg5 Ne4 6.cxd5 Nxc3 7.bxc3 Qxd5 8.Qb3 Be6
9.Qxd5 Bxd5 10.Nd2 b6 11.e4 Bb7 12.Rc1 Nd7 13.Be2 h6 14.Be3 O-O 15.O-O

[Event "2 Bundesliga Mitte 2006/2007"]
[Site "St Valentin"]
[Date "2006.10.29"]
[Round "2"]
[Board "6"]
[White "Soelkner, Karl"]
[Black "Eichert, Wolfgang"]
[Result "1/2-1/2"]
[WhiteElo "2065"]
[BlackElo "2159"]
[PlyCount "43"]
[EventDate "2006.10.28"]
[EventType "team"]
[EventRounds "11"]
[EventCountry "AUT"]
[WhiteTeam "SG Alpine Raika Trofaiach Niklasdorf"]
[BlackTeam "Maria Saal"]

1.Nf3 Nf6 2.d4 g6 3.g3 Bg7 4.Bg2 O-O 5.O-O d6 6.c4 Nbd7 7.Nc3 e5 8.e3 Re8 9.b3
Nf8 10.Bb2 e4 11.Nd2 Bf5 12.Re1 c6 13.b4 h5 14.Qc2 N8h7 15.Qb3 Qd7 16.Ne2 Bg4
17.Kf1 Bh3 18.Ng1 Bxg2+ 19.Kxg2 Qf5 20.Rf1 Ng5 21.h4 Ngh7 22.Nh3

[Event "2 Bundesliga Mitte 2006/2007"]
[Site "St Valentin"]
[Date "2006.10.29"]
[Round "2"]
[Board "1"]
[White "Kozul, Zdenko"]
[Black "Schmidt, Peter"]
[Result "1/2-1/2"]
[WhiteElo "2593"]
[BlackElo "2395"]
[PlyCount "99"]
[EventDate "2006.10.28"]
[EventType "team"]
[EventRounds "11"]
[EventCountry "AUT"]
[WhiteTeam "ZH Technologies Wolfsberg"]
[BlackTeam "Sauwald"]

1.d4 d5 2.c4 c6 3.e3 Nf6 4.Nc3 g6 5.Nf3 Bg7 6.Bd3 O-O 7.O-O dxc4 8.Bxc4 Bg4 9.h3
Bxf3 10.Qxf3 Nbd7 11.Rd1 e5 12.d5 e4 13.Nxe4 Nxe4 14.Qxe4 Nf6 15.Qf3 cxd5
16.Bxd5 Nxd5 17.Rxd5 Qe7 18.Bd2 Rfc8 19.Rb5 b6 20.Rd1 Rab8 21.Bb4 Qe8 22.a4 a6
23.Rbd5 Bxb2 24.Qe2 Bg7 25.Qxa6 Ra8 26.Qxb6 Rcb8 27.Qd6 Qxa4 28.Ra5 Qe8 29.Rxa8
Rxa8 30.g4 h6 31.Qd7 Qb8 32.Be7 Qb2 33.Qc6 Rb8 34.Kg2 Kh7 35.Qf3 Qb3 36.Rd7 Qe6
37.Qd5 Qxd5+ 38.Rxd5 Rb7 39.Bd8 Bc3 40.f4 Rb2+ 41.Kf3 Kg7 42.Rc5 Rb3 43.Bc7 Bf6
44.Be5 g5 45.Rc6 Bxe5 46.fxe5 Rb5 47.e6 f6 48.Rc4 f5 49.gxf5 Rxf5+ 50.Ke4

[Event "2 Bundesliga Mitte 2006/2007"]
[Site "St Valentin"]
[Date "2006.10.29"]
[Round "2"]
[Board "2"]
[White "Testor, Sebastian"]
[Black "Stevic, Hrvoje"]
[Result "0-1"]
[WhiteElo "2233"]
[BlackElo "2491"]
[PlyCount "94"]
[EventDate "2006.10.28"]
[EventType "team"]
[EventRounds "11"]
[EventCountry "AUT"]
[WhiteTeam "Sauwald"]
[BlackTeam "ZH Technologies Wolfsberg"]

1.d4 d5 2.c4 dxc4 3.Nf3 Nf6 4.e3 Bg4 5.Bxc4 e6 6.Qb3 Bxf3 7.gxf3 c5 8.dxc5 Bxc5
9.Bd2 O-O 10.Bc3 Nc6 11.Nd2 Qe7 12.Rg1 Bb4 13.Ne4 Bxc3+ 14.Qxc3 Kh8 15.O-O-O
Rfd8 16.Rxd8+ Rxd8 17.Bb5 e5 18.Bxc6 Rc8 19.Qd3 Nxe4 20.Qxe4 Rxc6+ 21.Kb1 Rd6
22.Rc1 g6 23.Qb4 Kg7 24.a3 Qd7 25.Qc3 Qf5+ 26.e4 Qf4 27.Qa5 Qxh2 28.Rc2 Rb6
29.Qd5 Qh1+ 30.Ka2 Qxf3 31.Qxe5+ Qf6 32.Qxf6+ Kxf6 33.f4 h5 34.b4 h4 35.Rd2 Rc6
36.Kb3 Rc1 37.e5+ Ke6 38.Rd6+ Ke7 39.f5 g5 40.Rh6 Rf1 41.Kc4 Rxf5 42.Kd5 Kf8
43.Kd6 Rf3 44.e6 fxe6 45.Rh5 Rg3 46.Rh7 Kg8 47.Rxb7 h3

[Event "2 Bundesliga Mitte 2006/2007"]
[Site "St Valentin"]
[Date "2006.10.29"]
[Round "2"]
[Board "3"]
[White "Schachinger, Mario"]
[Black "Kirschner, Alexander"]
[Result "1/2-1/2"]
[WhiteElo "2277"]
[BlackElo "2256"]
[PlyCount "71"]
[EventDate "2006.10.28"]
[EventType "team"]
[EventRounds "11"]
[EventCountry "AUT"]
[WhiteTeam "ZH Technologies Wolfsberg"]
[BlackTeam "Sauwald"]

1.e4 e6 2.d4 d5 3.Nc3 Bb4 4.e5 c5 5.a3 Ba5 6.b4 cxd4 7.Nb5 Bc7 8.f4 Ne7 9.Nf3 a5
10.Bd3 axb4 11.O-O Nbc6 12.Bb2 Nf5 13.Bxf5 exf5 14.axb4 Rxa1 15.Qxa1 O-O 16.Nxc7
Qxc7 17.b5 Na5 18.Ba3 Re8 19.Qxd4 Be6 20.Bc5 Nc4 21.Ra1 Rc8 22.Bb4 Qd7 23.c3
Qxb5 24.Qf2 Qe8 25.Ra7 Ra8 26.Qa2 Rxa7 27.Qxa7 Qc8 28.h3 h6 29.Kh2 Kh7 30.Qa2
Kg8 31.Nd4 Bd7 32.Qf2 Be6 33.Be7 Qd7 34.Bb4 Qc8 35.Be7 Qe8 36.Bb4

[Event "2 Bundesliga Mitte 2006/2007"]
[Site "St Valentin"]
[Date "2006.10.29"]
[Round "2"]
[Board "5"]
[White "Zechner, Gernot"]
[Black "Niederwieser, Peter"]
[Result "1-0"]
[WhiteElo "2245"]
[BlackElo "2162"]
[PlyCount "57"]
[EventDate "2006.10.28"]
[EventType "team"]
[EventRounds "11"]
[EventCountry "AUT"]
[WhiteTeam "ZH Technologies Wolfsberg"]
[BlackTeam "Sauwald"]

1.e4 c5 2.Nf3 e6 3.Nc3 d6 4.d4 cxd4 5.Nxd4 Nf6 6.g4 Nc6 7.g5 Nd7 8.Be3 a6 9.Qd2
Nde5 10.O-O-O Na5 11.f4 Nec4 12.Bxc4 Nxc4 13.Qd3 b5 14.f5 Bd7 15.h4 Be7 16.Kb1
O-O 17.Rdg1 Re8 18.h5 Bf8 19.Bc1 Ne5 20.Qg3 b4 21.Nce2 exf5 22.exf5 Bc6 23.Nxc6
Nxc6 24.Nf4 Qd7 25.f6 g6 26.hxg6 fxg6 27.Qb3+ d5 28.Nxd5 Qf7 29.Nc7

[Event "2 Bundesliga Mitte 2006/2007"]
[Site "St Valentin"]
[Date "2006.10.29"]
[Round "2"]
[Board "6"]
[White "Kuran, Avelino"]
[Black "Waldmann, Gerald"]
[Result "1/2-1/2"]
[WhiteElo "1993"]
[BlackElo "2153"]
[PlyCount "20"]
[EventDate "2006.10.28"]
[EventType "team"]
[EventRounds "11"]
[EventCountry "AUT"]
[WhiteTeam "Sauwald"]
[BlackTeam "ZH Technologies Wolfsberg"]

1.d4 Nf6 2.Nf3 d5 3.c4 c6 4.Nc3 e6 5.Bg5 h6 6.Bh4 Nbd7 7.e3 Qa5 8.Nd2 Be7 9.Qc2
O-O 10.Bd3 e5

[Event "2 Bundesliga Mitte 2006/2007"]
[Site "Wolfsberg"]
[Date "2006.11.25"]
[Round "3"]
[Board "1"]
[White "Horvath, Tamas"]
[Black "Taggatz, Mario"]
[Result "1/2-1/2"]
[WhiteElo "2427"]
[BlackElo "2283"]
[PlyCount "44"]
[EventDate "2006.10.28"]
[EventType "team"]
[EventRounds "11"]
[EventCountry "AUT"]
[WhiteTeam "SC Gleisdorf"]
[BlackTeam "Sauwald"]

1.e4 c5 2.Nc3 Nc6 3.Bb5 Nd4 4.Bc4 e6 5.Nf3 Ne7 6.Nxd4 cxd4 7.Ne2 Nc6 8.O-O g6
9.d3 Bg7 10.Bd2 O-O 11.b4 f5 12.Bb3 b5 13.a4 bxa4 14.Rxa4 Qb6 15.exf5 Rxf5
16.Ng3 Rb5 17.Bc4 Rxb4 18.Bxb4 Nxb4 19.Qd2 a5 20.Rb1 Bb7 21.f3 Bc6 22.Raa1 Qc7

[Event "2 Bundesliga Mitte 2006/2007"]
[Site "Wolfsberg"]
[Date "2006.11.25"]
[Round "3"]
[Board "2"]
[White "Testor, Sebastian"]
[Black "Meszaros, Tamas"]
[Result "0-1"]
[WhiteElo "2233"]
[BlackElo "2352"]
[PlyCount "82"]
[EventDate "2006.10.28"]
[EventType "team"]
[EventRounds "11"]
[EventCountry "AUT"]
[WhiteTeam "Sauwald"]
[BlackTeam "SC Gleisdorf"]

1.d4 Nf6 2.c4 e6 3.Nf3 b6 4.a3 Ba6 5.Qc2 c5 6.d5 exd5 7.cxd5 g6 8.Nc3 Bg7 9.g3
O-O 10.Bg2 d6 11.O-O b5 12.b4 Nbd7 13.Bf4 Qb6 14.h3 Rfe8 15.Qd2 Rac8 16.Rab1
cxb4 17.Rxb4 Nh5 18.Ne4 Nxf4 19.Qxf4 Ne5 20.Nf6+ Bxf6 21.Qxf6 Nc4 22.Nd4 Rc5
23.Nc6 Bb7 24.Rfb1 Bxc6 25.dxc6 Rf5 26.Qxf5 gxf5 27.Rxb5 Qd8 28.Rb7 d5 29.c7 Qd7
30.Rd1 Nb6 31.Rb8 Rc8 32.Rc1 Kg7 33.Rb7 Qa4 34.Rc3 Qa5 35.Rc6 Qb5 36.Rc1 Qa4
37.Rc3 Qa5 38.Rc6 Na8 39.Rb8 Rxc7 40.Rd6 Qe1+ 41.Kh2 Rc1

[Event "2 Bundesliga Mitte 2006/2007"]
[Site "Wolfsberg"]
[Date "2006.11.25"]
[Round "3"]
[Board "3"]
[White "Sandhu, Mario"]
[Black "Linhart, Wolfgang"]
[Result "0-1"]
[WhiteElo "2288"]
[BlackElo "2223"]
[PlyCount "73"]
[EventDate "2006.10.28"]
[EventType "team"]
[EventRounds "11"]
[EventCountry "AUT"]
[WhiteTeam "SC Gleisdorf"]
[BlackTeam "Sauwald"]

1.e4 c5 2.Nf3 e6 3.c4 a6 4.Nc3 Nc6 5.d4 cxd4 6.Nxd4 Qc7 7.Be2 Nf6 8.O-O Bb4
9.Nxc6 dxc6 10.Be3 O-O 11.Qc2 e5 12.Na4 Be7 13.Nb6 Rb8 14.Nxc8 Rbxc8 15.c5 Rcd8
16.f3 Rd7 17.b4 h6 18.g3 Nh7 19.h4 Bf6 20.a4 Ra8 21.Bc4 Nf8 22.Qb3 Re8 23.b5 Ne6
24.Bxe6 Rxe6 25.bxa6 bxa6 26.Qb6 Qc8 27.Rfd1 Bd8 28.Qb3 Re8 29.Rxd7 Qxd7 30.Kg2
Ba5 31.Rd1 Qc7 32.Rd6 Rb8 33.Qd3 Rb2+ 34.Kh3 Qc8+ 35.g4 Qb7 36.Rd7 Qb4 37.Qf1

[Event "2 Bundesliga Mitte 2006/2007"]
[Site "Wolfsberg"]
[Date "2006.11.25"]
[Round "3"]
[Board "4"]
[White "Lautner, Josef"]
[Black "Frosch, Ronald"]
[Result "1-0"]
[WhiteElo "2262"]
[BlackElo "2264"]
[PlyCount "87"]
[EventDate "2006.10.28"]
[EventType "team"]
[EventRounds "11"]
[EventCountry "AUT"]
[WhiteTeam "Sauwald"]
[BlackTeam "SC Gleisdorf"]

1.d4 e6 2.Nf3 Nf6 3.c4 Be7 4.g3 O-O 5.Bg2 d5 6.O-O c6 7.b3 Nbd7 8.Nc3 h6 9.Qc2
b6 10.e4 Bb7 11.e5 Ne8 12.Re1 Nc7 13.cxd5 exd5 14.Nd1 Re8 15.Ne3 Ne6 16.Nf5 Bf8
17.Bd2 Rc8 18.Qb2 c5 19.Rac1 b5 20.Bf1 b4 21.Bd3 c4 22.Bb1 Ng5 23.Nxg5 hxg5
24.Qc2 g6 25.e6 Rxe6 26.Rxe6 fxe6 27.Nd6 Qf6 28.Nxb7 e5 29.bxc4 exd4 30.c5 Ne5
31.Bxb4 Rc7 32.Na5 Rh7 33.Qb3 Nf3+ 34.Kf1 Nxh2+ 35.Kg2 Ng4 36.Qxd5+ Kh8 37.Be1
Rh2+ 38.Kg1 Rxf2 39.Bd3 Rf3 40.Bc4 Kh7 41.Qd7+ Kh6 42.Qxg4 Bxc5 43.Kg2 Ra3
44.Bd2

[Event "2 Bundesliga Mitte 2006/2007"]
[Site "Wolfsberg"]
[Date "2006.11.25"]
[Round "3"]
[Board "5"]
[White "Wanderer, Thomas"]
[Black "Niederwieser, Peter"]
[Result "1/2-1/2"]
[WhiteElo "2206"]
[BlackElo "2162"]
[PlyCount "93"]
[EventDate "2006.10.28"]
[EventType "team"]
[EventRounds "11"]
[EventCountry "AUT"]
[WhiteTeam "SC Gleisdorf"]
[BlackTeam "Sauwald"]

1.e4 c5 2.Nc3 e6 3.Nge2 Nf6 4.h3 d5 5.exd5 exd5 6.d4 Nc6 7.Be3 cxd4 8.Nxd4 Bb4
9.Bb5 Qd6 10.O-O O-O 11.Nce2 Be6 12.Nb3 Qe7 13.Bg5 h6 14.Bh4 Qd8 15.Nbd4 Nxd4
16.Nxd4 Be7 17.Re1 Ne4 18.Bxe7 Qxe7 19.Qe2 Qf6 20.Rad1 Rad8 21.c3 Bd7 22.Bxd7
Rxd7 23.Qf3 Rfd8 24.Qxf6 Nxf6 25.Re5 g6 26.Nc2 Kf8 27.Rd4 Re7 28.Rxe7 Kxe7 29.f3
Ke6 30.Kf2 Rd6 31.Rb4 Rd7 32.a4 b6 33.Rb5 Rc7 34.a5 Rc5 35.Nd4+ Kd7 36.a6 Ne8
37.Rxc5 bxc5 38.Nb5 Nc7 39.Nxa7 Nxa6 40.Ke3 Ke6 41.Nc6 Kd6 42.Nd8 Ke7 43.Nb7 Kd7
44.Kf4 Ke7 45.Na5 Kd6 46.Nb7+ Kc7 47.Na5

[Event "2 Bundesliga Mitte 2006/2007"]
[Site "Wolfsberg"]
[Date "2006.11.25"]
[Round "3"]
[Board "6"]
[White "Kuran, Avelino"]
[Black "Wilfling, Hermann"]
[Result "0-1"]
[WhiteElo "1993"]
[BlackElo "2153"]
[PlyCount "146"]
[EventDate "2006.10.28"]
[EventType "team"]
[EventRounds "11"]
[EventCountry "AUT"]
[WhiteTeam "Sauwald"]
[BlackTeam "SC Gleisdorf"]

1.e4 c5 2.Nf3 d6 3.d4 cxd4 4.Nxd4 Nf6 5.Nc3 g6 6.Be3 Bg7 7.f3 O-O 8.Qd2 Nc6
9.O-O-O d5 10.Kb1 Nxd4 11.e5 Nd7 12.Bxd4 e6 13.f4 a6 14.h4 b5 15.h5 b4 16.Ne2 a5
17.Nc1 Qc7 18.g4 Re8 19.hxg6 fxg6 20.Qh2 Nf8 21.Bb5 Re7 22.Nd3 Rb8 23.Ba4 Bd7
24.Bxd7 Qxd7 25.f5 exf5 26.gxf5 Qxf5 27.Rdf1 Qc8 28.Bc5 Rbb7 29.Bxe7 Rxe7 30.Qf2
Ne6 31.Qh4 Bf8 32.Rf6 Qd7 33.Nf4 Nxf4 34.Qxf4 Bg7 35.Rd6 Qe8 36.Qh4 Bxe5 37.Rxd5
Bc7 38.Qc4 Kg7 39.Qd4+ Kg8 40.Qc4 Kg7 41.Qh4 Kg8 42.Rg5 Bd8 43.Qc4+ Kg7 44.Qd4+
Kg8 45.Rxg6+ Qxg6 46.Rg1 Bc7 47.Rxg6+ hxg6 48.c4 bxc3 49.bxc3 Kf7 50.Kc2 g5
51.Qc5 Kf6 52.Qc6+ Kf5 53.Qh6 g4 54.Qf8+ Ke6 55.Qc8+ Rd7 56.Qe8+ Re7 57.Qg6+ Kd7
58.Qxg4+ Kd6 59.Kb3 Re5 60.c4 Rc5 61.Kc3 Bb6 62.Qg6+ Kc7 63.Qf7+ Kb8 64.Qd7 Rc7
65.Qb5 Ka7 66.Kd3 Rc5 67.Qe8 Kb7 68.Qf7+ Rc7 69.Qd5+ Ka7 70.Ke4 Rc5 71.a3 Rxd5
72.Kxd5 Kb7 73.c5 Bc7

[Event "2 Bundesliga Mitte 2006/2007"]
[Site "Wolfsberg"]
[Date "2006.11.25"]
[Round "3"]
[Board "1"]
[White "Mohr, Georg"]
[Black "Zaja, Ivan"]
[Result "1/2-1/2"]
[WhiteElo "2478"]
[BlackElo "2445"]
[PlyCount "35"]
[EventDate "2006.10.28"]
[EventType "team"]
[EventRounds "11"]
[EventCountry "AUT"]
[WhiteTeam "Strassenbahn Graz"]
[BlackTeam "SG Alpine Raika Trofaiach Niklasdorf"]

1.e4 e5 2.Nf3 Nc6 3.Bb5 a6 4.Ba4 Nf6 5.O-O Be7 6.Re1 b5 7.Bb3 d6 8.c3 O-O 9.h3
Nb8 10.d4 Nbd7 11.Nbd2 Bb7 12.Bc2 Re8 13.Nf1 Bf8 14.Ng3 g6 15.b3 Bg7 16.d5 Bf8
17.Be3 c5 18.a4